| 000 | 00425nam a2200169Ia 4500 | ||
|---|---|---|---|
| 008 | 230719s9999 xx 000 0 und d | ||
| 041 | _aeng | ||
| 082 |
_a004.16 _bHAL |
||
| 100 | _aHall D.V. | ||
| 245 | _aMicroprocessors And Interfacing Programming And Hardware | ||
| 250 | _a2nd ed. | ||
| 260 |
_c1986 _bMcgraw Hill |
||
| 300 |
_a554 _dRef 83 E (2571) |
||
| 365 |
_cRs. _b100.00 |
||
| 700 | _aHall D.V. | ||
| 906 | _b50 | ||
| 999 |
_c354579 _d354579 |
||